Frankenstein / (Registro nro. 11720)

Detalles MARC
000 -LEADER
fixed length control field 01023nam a22003137a 4500
001 - CONTROL NUMBER
control field 1041
003 - CONTROL NUMBER IDENTIFIER
control field DO-SdBNP
005 - DATE AND TIME OF LATEST TRANSACTION
control field 20161028113024.0
007 - PHYSICAL DESCRIPTION FIXED FIELD--GENERAL INFORMATION
fixed length control field 1041
008 - FIXED-LENGTH DATA ELEMENTS--GENERAL INFORMATION
fixed length control field 161028b 1989 sp |||| 00| 0 spa d
020 ## - INTERNATIONAL STANDARD BOOK NUMBER
International Standard Book Number 8420733857
040 ## - CATALOGING SOURCE
Original cataloging agency BPMSU
Language of cataloging spa
Transcribing agency BPMSU
082 ## - DEWEY DECIMAL CLASSIFICATION NUMBER
Classification number 823.6
Item number S545f 1989
100 ## - MAIN ENTRY--PERSONAL NAME
Personal name Shelley, Mary Wollstonecraft,
Dates associated with a name 1797-1851.
245 ## - TITLE STATEMENT
Title Frankenstein /
Statement of responsibility, etc. Mary Shelley.; traducción y notas María Engracia Pujals ; ilustración Miguel Rodríguez Cerro
250 ## - EDITION STATEMENT
Edition statement 4a. ed.
260 ## - PUBLICATION, DISTRIBUTION, ETC. (IMPRINT)
Place of publication, distribution, etc. Madrid :
Name of publisher, distributor, etc. Grupo Anaya,
Date of publication, distribution, etc. 1989
300 ## - PHYSICAL DESCRIPTION
Extent 238 p. ;
Dimensions 21 cm.
490 ## - SERIES STATEMENT
Series statement Tus libras ;
-- integra,
Volume/sequential designation 24
500 ## - GENERAL NOTE
General note Bibliografía : p. 238
500 ## - GENERAL NOTE
General note Incluye notas al pie de las páginas
650 ## - SUBJECT ADDED ENTRY--TOPICAL TERM
Topical term or geographic name as entry element NOVELA JUVENIL INGLESA
650 ## - SUBJECT ADDED ENTRY--TOPICAL TERM
Topical term or geographic name as entry element LITERATURA JUVENIL INGLESA
700 ## - ADDED ENTRY--PERSONAL NAME
Personal name Pujals, María Engracia
Relator term traducción
700 ## - ADDED ENTRY--PERSONAL NAME
Personal name Rodríguez Cerro, Miguel
Relator term ilustraciones
830 ## - SERIES ADDED ENTRY--UNIFORM TITLE
Uniform title Tus libros,
Name of part/section of a work Integra
Volume number/sequential designation 24
942 ## - ADDED ENTRY ELEMENTS (KOHA)
Source of classification or shelving scheme Dewey Decimal Classification
Koha item type Libros
956 ## - LOCAL ELECTRONIC LOCATION AND ACCESS (OCLC)
Host name VMATEO
Access number 10
Compression information 20161028
Path BPMSU
Electronic name 0069
Existencias
Withdrawn status Lost status Source of classification or shelving scheme Damaged status Not for loan Collection code Home library Current library Date acquired Source of acquisition Total Checkouts Full call number Barcode Date last seen Price effective from Koha item type
    Dewey Decimal Classification     Colección Juvenil General Biblioteca Pública Metropolitana Salomé Ureña Biblioteca Pública Metropolitana Salomé Ureña 10/28/2016 Donado Fundación Economía y Desarrollo   823.6 S545f 1989 BPMSU16100428 10/28/2016 10/28/2016 Libros